000 01163cam a2200325 c 4500
001 a5094455
003 OSt
005 20140618213008.0
008 110810s2010 mex spa
020 _a978-607-442-387-7
040 _aSpMaBN
_bspa
_cBMC
_erdc
082 _a658.15
082 _a337
082 _a658.800467
100 1 _920417
_aDaniels, John D.
245 1 0 _aNegocios internacionales
_b: ambientes y operaciones
_cJohn D. Daniels, Lee H. Radebaugh, Daniel P. Sullivan ; traducción, María del Pilar Carril Villarreal ; revisión técnica, Sergio Garcilazo Lagunes, Alejandra Solano
250 _a12ª ed
260 _aMéxico, D.F. [etc.]
_bPrentice Hall
_c2010
300 _aXLI, 861, [16] p.
_bil. col. y n., mapas
_c24 cm
500 _aÍndices: p. 833-861
650 2 4 _aEmpresas
_95713
_xFinanzas
650 2 4 _aEconomía internacional
_95978
650 2 4 _aMarketing en Internet
_97847
700 1 _aRadebaugh, Lee H.
_920418
700 1 _aSullivan, Daniel P.
_920419
700 1 _aCarril Villarreal, María del Pilar
_96340
700 1 _aSolano, Alejandra
_920433
700 1 _97843
_aGarcilazo Lagunes, Sergio
942 _2ddc
_cBK
999 _c11162
_d11162